| 000 -LEADER |
| fixed length control field |
00384cam a22001337a 4500 |
| 008 - FIXED-LENGTH DATA ELEMENTS--GENERAL INFORMATION |
| fixed length control field |
180718b1960 xxu||||| |||| 00| 0 eng d |
| 082 ## - DEWEY DECIMAL CLASSIFICATION NUMBER |
| Classification number |
X637 X42 C38 |
| 100 ## - MAIN ENTRY--PERSONAL NAME |
| Personal name |
Charlesworth, G. |
| 245 ## - TITLE STATEMENT |
| Title |
Road juctions in rural areas |
| Statement of responsibility, etc. |
By G. Charlesworth and J.C. Tanner |
| 260 ## - PUBLICATION, DISTRIBUTION, ETC. |
| Place of publication, distribution, etc. |
London |
| Name of publisher, distributor, etc. |
HMSO |
| Date of publication, distribution, etc. |
1960 |
| 300 ## - PHYSICAL DESCRIPTION |
| Extent |
9p |
| 650 ## - SUBJECT ADDED ENTRY--TOPICAL TERM |
| Topical term or geographic name entry element |
Traffic safety [from old catalog] |
| 700 ## - ADDED ENTRY--PERSONAL NAME |
| Personal name |
Tanner,J.C. |